Wrestling Finishers 2 - Statistics

General Stats
  • This quiz has been taken 1,015 times
    1,005 since last reset
  • The average score is 19 of 31
Answer Stats
Finisher Answer % Correct
RKO Randy Orton
97%
The F-5 Brock Lesnar
94%
Codebreaker/Walls of Jericho Chris Jericho
94%
Cross Rhodes Cody Rhodes
94%
619 Rey Mysterio
94%
Zig Zag Dolph Ziggler
92%
Trouble in Paradise Kofi Kingston
90%
Skull Crushing Finale The Miz
89%
Worlds Strongest Slam Mark Henry
86%
Rough Ryder Zack Ryder
85%
Brogue Kick Sheamus
84%
Clothesline from Hell JBL
76%
Killswitch Christian
74%
The Masters Lock Chris Masters
73%
Boss Man Slam The Big Boss Man
73%
No Lock Daniel Bryan
70%
The Cobra Santino Marella
70%
Samoan Spike Umaga
69%
Coast to Coast Shane McMahon
64%
ShellShocked Ryback
63%
Dreamer Driver Tommy Dreamer
54%
Bullhammer/Wasteland Wade Barrett
53%
1-2-3 Kick Sean Waltman
49%
The Famouser Billy Gunn
46%
Gutwrench Powerbomb Jack Swagger
38%
Flying Fistdrop/Piledriver Jerry 'The King' Lawler
24%
Greetings from Asbury Park Bam Bam Bigelow
21%
Kona Crush Crush
17%
Nail In The Coffin Vampiro
10%
Sidewalk Smash The Brooklyn Brawler
4%
Big Splash Tugboat/Typhoon
4%
No matching quizzes found
Score Distribution
Percent of People with Each Score
Percentile by Number Answered
Your Score History
You have not taken this quiz since the last reset